000 00403nam a22001697a 4500
005 20260408153023.0
008 160627b xxu||||| |||| 00| 0 eng d
020 _a81-7362-397-x
041 _aeng
082 _a261
100 _aColson, Charles and Pearcey, Nancy
_93003
245 _aHow Now Shall we Live
260 _bOM
_c2002
300 _a491
650 _asocial theology,
_98958
942 _cBK
999 _c4343
_d4342